| 000 | 01429nam a2200301 i 4500 | ||
|---|---|---|---|
| 003 | OSt | ||
| 005 | 20230910121956.0 | ||
| 008 | 230910s2022 enka j 000 1beng d | ||
| 020 |
_a9780241480458 _cRM45.00 _qhardback |
||
| 040 |
_aPPAK _beng _cPPAK _erda |
||
| 082 | 0 | 4 |
_223 _a823.912 |
| 090 | 0 | 4 |
_a823.912 _bWOO _dK |
| 100 | 1 |
_aWoolley, Katie, _eauthor. |
|
| 245 | 1 | 0 |
_aBeatrix Potter : _bArtist, Conservationist, Pioneer / _cWritten by Katie Woolley ; Illustrated by Ginnie Hsu |
| 264 | 1 |
_aLondon : _bPuffin Books, _c2022 |
|
| 300 |
_a24 unnumbered pages : _bcolour illustrations, chiefly colour ; _c18 cm |
||
| 336 |
_atext _2rdacontent |
||
| 337 |
_aunmediated _2rdamedia |
||
| 338 |
_avolume _2rdacarrier |
||
| 490 | 1 | _aV&A introduces | |
| 520 | _aHis stylish mini-hardback takes readers on a fascinating journey through Beatrix's life, from her childhood holidays and animal friends through to her publishing success and later life in the Lake District. More than a children's author, explore Beatrix Potter's vital work as a conservationist and the inspiration she found in the countryside, as well as her artistic talents | ||
| 600 |
_aPotter, Beatrix, _d1866-1943 _vJuvenile literature |
||
| 650 | 1 | 0 |
_aAuthors, English _vJuvenile literature _xBiography _y20th century |
| 650 | 2 | 0 |
_aWomen _vBiography |
| 700 | 1 |
_aHsu, Ginnie, _eillustrator. |
|
| 830 | 0 | _aV&A introduces | |
| 942 |
_2ddc _cB |
||
| 999 |
_c192996 _d192996 |
||